[Event "ODJM A 2024"]
[Site "Willingen GER"]
[Date "2024.05.21"]
[Round "4"]
[White "Klahold, Rona"]
[Black "Wendt, Felix"]
[Result "0-1"]
[Termination "normal"]
[Board "32"]
[WhiteElo "1779"]
[BlackElo "1766"]
[WhiteClock "00:05:38"]
[BlackClock "00:31:59"]
[PlyCount "70"]
[WhiteFideId "16222970"]
[BlackFideId "34663592"]
[EventCountry "GER"]
[EventRounds "9"]
[EventType "swiss"]
[EventDate "2024.05.18"]

1. e4 {[%clk 01:30:58]} c6 {[%clk 01:30:57]} {[%emt 00:00:04]} 2. d4 {[%clk
01:31:18]} {[%emt 00:00:11]} d5 {[%clk 01:31:22]} {[%emt 00:00:04]} 3. e5
{[%clk 01:31:37]} {[%emt 00:00:11]} c5 {[%clk 01:31:48]} {[%emt 00:00:05]} 4.
dxc5 {[%clk 01:31:56]} {[%emt 00:00:11]} e6 {[%clk 01:32:11]} {[%emt 00:00:06]}
5. Be3 {[%clk 01:32:14]} {[%emt 00:00:13]} Nd7 {[%clk 01:32:03]} {[%emt
00:00:37]} 6. Bb5 {[%clk 01:27:57]} {[%emt 00:04:47]} Qa5+ {[%clk 01:31:43]}
{[%emt 00:00:50]} 7. Nc3 {[%clk 01:28:06]} {[%emt 00:00:21]} Qc7 {[%clk
01:32:10]} {[%emt 00:00:03]} 8. Qd4 {[%clk 01:17:20]} {[%emt 00:11:16]} Ne7
{[%clk 01:30:31]} {[%emt 00:02:09]} 9. Ba4 {[%clk 01:08:04]} {[%emt 00:09:47]}
Nf5 {[%clk 01:28:47]} {[%emt 00:02:13]} 10. Nb5 {[%clk 01:06:18]} {[%emt
00:02:16]} Qa5+ {[%clk 01:25:14]} {[%emt 00:04:03]} 11. Qd2 {[%clk 01:00:07]}
{[%emt 00:06:42]} Qxa4 {[%clk 01:24:05]} {[%emt 00:01:39]} 12. Nc7+ {[%clk
01:00:04]} {[%emt 00:00:33]} Kd8 {[%clk 01:24:05]} {[%emt 00:00:30]} 13. Nxa8
{[%clk 00:56:37]} {[%emt 00:03:58]} Nxe3 {[%clk 01:17:18]} {[%emt 00:07:18]}
14. fxe3 {[%clk 00:51:27]} {[%emt 00:05:40]} Nxe5 {[%clk 01:11:00]} {[%emt
00:06:48]} 15. b3 {[%clk 00:48:08]} {[%emt 00:03:49]} Qh4+ {[%clk 01:05:00]}
{[%emt 00:06:30]} 16. Ke2 {[%clk 00:40:45]} {[%emt 00:07:53]} Qg4+ {[%clk
01:04:23]} {[%emt 00:01:06]} 17. Ke1 {[%clk 00:39:03]} {[%emt 00:02:13]} Bxc5
{[%clk 01:00:51]} {[%emt 00:04:02]} 18. Qa5+ {[%clk 00:32:28]} {[%emt
00:07:05]} b6 {[%clk 00:58:21]} {[%emt 00:03:00]} 19. Qxa7 {[%clk 00:32:30]}
{[%emt 00:00:28]} Bb4+ {[%clk 00:57:21]} {[%emt 00:01:29]} 20. Kf1 {[%clk
00:27:56]} {[%emt 00:05:05]} Qf5+ {[%clk 00:57:05]} {[%emt 00:00:45]} 21. Nf3
{[%clk 00:26:13]} {[%emt 00:02:14]} Nd7 {[%clk 00:54:54]} {[%emt 00:02:41]} 22.
Qc7+ {[%clk 00:23:54]} {[%emt 00:02:49]} Ke7 {[%clk 00:55:11]} {[%emt
00:00:13]} 23. Nxb6 {[%clk 00:23:48]} {[%emt 00:00:37]} Ba6+ {[%clk 00:54:48]}
{[%emt 00:00:53]} 24. Kf2 {[%clk 00:23:02]} {[%emt 00:01:16]} Rd8 {[%clk
00:54:25]} {[%emt 00:00:53]} 25. Rhc1 {[%clk 00:20:50]} {[%emt 00:02:42]} Ba5
{[%clk 00:44:52]} {[%emt 00:10:03]} 26. Qa7 {[%clk 00:20:26]} {[%emt 00:00:54]}
Bxb6 {[%clk 00:45:01]} {[%emt 00:00:20]} 27. Qxa6 {[%clk 00:20:44]} {[%emt
00:00:13]} d4 {[%clk 00:44:21]} {[%emt 00:01:09]} 28. Qd3 {[%clk 00:16:18]}
{[%emt 00:04:57]} dxe3+ {[%clk 00:44:31]} {[%emt 00:00:19]} 29. Ke2 {[%clk
00:16:11]} {[%emt 00:00:37]} Qg4 {[%clk 00:44:47]} {[%emt 00:00:13]} 30. Kf1
{[%clk 00:12:47]} {[%emt 00:03:54]} e5 {[%clk 00:37:02]} {[%emt 00:08:15]} 31.
Qxh7 {[%clk 00:09:34]} {[%emt 00:03:44]} e2+ {[%clk 00:36:43]} {[%emt
00:00:49]} 32. Ke1 {[%clk 00:08:59]} {[%emt 00:01:05]} Nf6 {[%clk 00:36:10]}
{[%emt 00:01:03]} 33. Qh3 {[%clk 00:08:22]} {[%emt 00:01:07]} Qe4 {[%clk
00:32:40]} {[%emt 00:04:00]} 34. Ng5 {[%clk 00:06:32]} {[%emt 00:02:21]} Qd4
{[%clk 00:32:14]} {[%emt 00:00:56]} 35. Qg3 {[%clk 00:05:38]} {[%emt 00:01:24]}
Qd2# {[%clk 00:31:59]} {[%emt 00:00:44]} 0-1

[Event "ODJM A 2024"]
[Site "Willingen GER"]
[Date "2024.05.21"]
[Round "4"]
[White "Möller, Tom"]
[Black "Seitz, Manuel"]
[Result "1/2-1/2"]
[Termination "normal"]
[Board "33"]
[WhiteElo "1902"]
[BlackElo "1882"]
[WhiteClock "00:13:25"]
[BlackClock "00:05:06"]
[PlyCount "77"]
[WhiteFideId "16287215"]
[BlackFideId "16215770"]
[EventCountry "GER"]
[EventRounds "9"]
[EventType "swiss"]
[EventDate "2024.05.18"]

1. d4 {[%clk 01:30:58]} {[%emt 00:00:01]} Nf6 {[%clk 01:30:50]} {[%emt
00:00:11]} 2. Nc3 {[%clk 01:31:24]} {[%emt 00:00:04]} d5 {[%clk 01:31:02]}
{[%emt 00:00:17]} 3. Bf4 {[%clk 01:31:50]} {[%emt 00:00:05]} c5 {[%clk
01:31:10]} {[%emt 00:00:23]} 4. e3 {[%clk 01:32:11]} {[%emt 00:00:08]} cxd4
{[%clk 01:31:29]} {[%emt 00:00:12]} 5. exd4 {[%clk 01:32:38]} {[%emt 00:00:04]}
Bg4 {[%clk 01:31:00]} {[%emt 00:00:58]} 6. Be2 {[%clk 01:32:58]} {[%emt
00:00:11]} Bxe2 {[%clk 01:31:09]} {[%emt 00:00:21]} 7. Qxe2 {[%clk 01:33:24]}
{[%emt 00:00:04]} a6 {[%clk 01:28:54]} {[%emt 00:02:45]} 8. Nf3 {[%clk
01:31:25]} {[%emt 00:02:30]} Nc6 {[%clk 01:28:01]} {[%emt 00:01:21]} 9. Nd1
{[%clk 01:29:38]} {[%emt 00:02:18]} e6 {[%clk 01:24:43]} {[%emt 00:03:48]} 10.
c3 {[%clk 01:27:34]} {[%emt 00:02:34]} Bd6 {[%clk 01:22:48]} {[%emt 00:02:24]}
11. Bxd6 {[%clk 01:20:55]} {[%emt 00:07:10]} Qxd6 {[%clk 01:22:53]} {[%emt
00:00:26]} 12. Ne5 {[%clk 01:21:23]} {[%emt 00:00:32]} O-O {[%clk 01:21:28]}
{[%emt 00:02:25]} 13. O-O {[%clk 01:20:02]} {[%emt 00:01:50]} b5 {[%clk
01:14:06]} {[%emt 00:07:52]} 14. f4 {[%clk 01:11:16]} {[%emt 00:09:17]} Rab8
{[%clk 01:07:42]} {[%emt 00:06:54]} 15. Nf2 {[%clk 01:05:08]} {[%emt 00:06:38]}
a5 {[%clk 01:02:06]} {[%emt 00:06:06]} 16. g4 {[%clk 01:04:39]} {[%emt
00:00:58]} Nd7 {[%clk 00:52:39]} {[%emt 00:09:57]} 17. Nfd3 {[%clk 01:04:28]}
{[%emt 00:00:42]} Ndxe5 {[%clk 00:48:45]} {[%emt 00:04:25]} 18. fxe5 {[%clk
01:02:58]} {[%emt 00:02:00]} Qe7 {[%clk 00:46:43]} {[%emt 00:02:32]} 19. Rf3
{[%clk 00:54:28]} {[%emt 00:09:00]} b4 {[%clk 00:42:20]} {[%emt 00:04:53]} 20.
Raf1 {[%clk 00:52:46]} {[%emt 00:02:12]} bxc3 {[%clk 00:37:38]} {[%emt
00:05:12]} 21. bxc3 {[%clk 00:53:11]} {[%emt 00:00:05]} Qa3 {[%clk 00:33:35]}
{[%emt 00:04:32]} 22. Nf4 {[%clk 00:50:19]} {[%emt 00:03:22]} Rb2 {[%clk
00:30:03]} {[%emt 00:04:01]} 23. Qe3 {[%clk 00:47:55]} {[%emt 00:02:55]} Qxa2
{[%clk 00:29:23]} {[%emt 00:01:10]} 24. R1f2 {[%clk 00:41:09]} {[%emt
00:07:16]} Rxf2 {[%clk 00:27:26]} {[%emt 00:02:27]} 25. Rxf2 {[%clk 00:41:33]}
{[%emt 00:00:06]} Qa3 {[%clk 00:26:41]} {[%emt 00:01:15]} 26. Nh5 {[%clk
00:36:46]} {[%emt 00:05:17]} Ne7 {[%clk 00:21:33]} {[%emt 00:05:38]} 27. Nf6+
{[%clk 00:29:24]} {[%emt 00:07:52]} Kh8 {[%clk 00:18:17]} {[%emt 00:03:45]} 28.
Nd7 {[%clk 00:29:22]} {[%emt 00:00:33]} Rd8 {[%clk 00:16:16]} {[%emt 00:02:31]}
29. Nc5 {[%clk 00:29:34]} {[%emt 00:00:19]} Ng6 {[%clk 00:13:19]} {[%emt
00:03:26]} 30. Rxf7 {[%clk 00:28:56]} {[%emt 00:01:07]} Rf8 {[%clk 00:13:09]}
{[%emt 00:00:41]} 31. Rxf8+ {[%clk 00:18:39]} {[%emt 00:10:47]} Nxf8 {[%clk
00:13:30]} {[%emt 00:00:09]} 32. Qf3 {[%clk 00:18:26]} {[%emt 00:00:44]} Qc1+
{[%clk 00:11:16]} {[%emt 00:02:43]} 33. Kf2 {[%clk 00:18:38]} {[%emt 00:00:19]}
Qd2+ {[%clk 00:10:36]} {[%emt 00:01:09]} 34. Kg3 {[%clk 00:18:34]} {[%emt
00:00:34]} Kg8 {[%clk 00:10:02]} {[%emt 00:01:04]} 35. Nb7 {[%clk 00:17:58]}
{[%emt 00:01:06]} Ng6 {[%clk 00:05:30]} {[%emt 00:05:02]} 36. Nd6 {[%clk
00:13:07]} {[%emt 00:05:21]} Qe1+ {[%clk 00:05:16]} {[%emt 00:00:44]} 37. Kh3
{[%clk 00:13:23]} {[%emt 00:00:14]} Qh4+ {[%clk 00:05:07]} {[%emt 00:00:39]}
38. Kg2 {[%clk 00:13:48]} {[%emt 00:00:05]} Qe7 {[%clk 00:05:06]} {[%emt
00:00:30]} 39. Qf1 {[%clk 00:13:25]} {[%emt 00:00:54]} 1/2-1/2

[Event "ODJM A 2024"]
[Site "Willingen GER"]
[Date "2024.05.21"]
[Round "4"]
[White "Berelowitsch, Dana"]
[Black "Andresen, Marc"]
[Result "1/2-1/2"]
[Termination "normal"]
[Board "34"]
[WhiteElo "1906"]
[BlackElo "1879"]
[WhiteClock "00:06:11"]
[BlackClock "00:01:51"]
[PlyCount "78"]
[WhiteFideId "12977144"]
[BlackFideId "16233719"]
[EventCountry "GER"]
[EventRounds "9"]
[EventType "swiss"]
[EventDate "2024.05.18"]

1. e4 {[%clk 01:30:58]} {[%emt 00:00:01]} c6 {[%clk 01:30:43]} {[%emt
00:00:17]} 2. d4 {[%clk 01:31:21]} {[%emt 00:00:06]} d5 {[%clk 01:31:09]}
{[%emt 00:00:05]} 3. Nc3 {[%clk 01:31:40]} {[%emt 00:00:11]} dxe4 {[%clk
01:31:29]} {[%emt 00:00:10]} 4. Nxe4 {[%clk 01:32:02]} {[%emt 00:00:08]} Nf6
{[%clk 01:31:55]} {[%emt 00:00:05]} 5. Nxf6+ {[%clk 01:31:03]} {[%emt
00:01:29]} exf6 {[%clk 01:32:18]} {[%emt 00:00:06]} 6. c3 {[%clk 01:30:05]}
{[%emt 00:01:28]} Bd6 {[%clk 01:32:43]} {[%emt 00:00:05]} 7. Be3 {[%clk
01:29:35]} {[%emt 00:01:00]} O-O {[%clk 01:32:57]} {[%emt 00:00:16]} 8. Qc2
{[%clk 01:29:22]} {[%emt 00:00:44]} Re8 {[%clk 01:31:36]} {[%emt 00:01:51]} 9.
Bd3 {[%clk 01:28:09]} {[%emt 00:01:43]} h5 {[%clk 01:30:18]} {[%emt 00:01:49]}
10. Ne2 {[%clk 01:21:20]} {[%emt 00:07:18]} Nd7 {[%clk 01:30:43]} {[%emt
00:00:05]} 11. O-O-O {[%clk 01:19:54]} {[%emt 00:01:55]} Nf8 {[%clk 01:28:54]}
{[%emt 00:02:19]} 12. Nf4 {[%clk 01:08:54]} {[%emt 00:11:30]} Bxf4 {[%clk
01:28:13]} {[%emt 00:01:12]} 13. Bxf4 {[%clk 01:09:10]} {[%emt 00:00:14]} Be6
{[%clk 01:28:38]} {[%emt 00:00:04]} 14. h3 {[%clk 01:05:59]} {[%emt 00:03:40]}
b5 {[%clk 01:17:41]} {[%emt 00:11:28]} 15. g4 {[%clk 01:01:42]} {[%emt
00:04:46]} h4 {[%clk 01:16:49]} {[%emt 00:01:23]} 16. Rhg1 {[%clk 00:58:48]}
{[%emt 00:03:24]} Qa5 {[%clk 00:59:32]} {[%emt 00:17:47]} 17. g5 {[%clk
00:52:32]} {[%emt 00:06:46]} f5 {[%clk 00:56:18]} {[%emt 00:03:45]} 18. Bxf5
{[%clk 00:46:53]} {[%emt 00:06:08]} Bxf5 {[%clk 00:55:33]} {[%emt 00:01:15]}
19. Qxf5 {[%clk 00:47:12]} {[%emt 00:00:11]} Qxa2 {[%clk 00:55:47]} {[%emt
00:00:16]} 20. Be5 {[%clk 00:42:47]} {[%emt 00:04:54]} Ng6 {[%clk 00:53:09]}
{[%emt 00:03:08]} 21. f4 {[%clk 00:39:15]} {[%emt 00:04:02]} b4 {[%clk
00:49:01]} {[%emt 00:04:39]} 22. Qb1 {[%clk 00:33:19]} {[%emt 00:06:26]} Qxb1+
{[%clk 00:27:32]} {[%emt 00:21:59]} 23. Kxb1 {[%clk 00:33:47]} {[%emt
00:00:02]} bxc3 {[%clk 00:27:49]} {[%emt 00:00:14]} 24. bxc3 {[%clk 00:34:08]}
{[%emt 00:00:08]} Nxe5 {[%clk 00:26:49]} {[%emt 00:01:30]} 25. fxe5 {[%clk
00:27:17]} {[%emt 00:07:21]} a5 {[%clk 00:18:47]} {[%emt 00:08:32]} 26. Kc2
{[%clk 00:25:03]} {[%emt 00:02:44]} a4 {[%clk 00:14:33]} {[%emt 00:04:44]} 27.
Ra1 {[%clk 00:25:14]} {[%emt 00:00:19]} c5 {[%clk 00:05:32]} {[%emt 00:09:32]}
28. Ra3 {[%clk 00:25:14]} {[%emt 00:00:30]} cxd4 {[%clk 00:03:48]} {[%emt
00:02:14]} 29. cxd4 {[%clk 00:25:41]} {[%emt 00:00:02]} Rec8+ {[%clk 00:04:13]}
{[%emt 00:00:05]} 30. Kd3 {[%clk 00:25:00]} {[%emt 00:01:11]} Rcb8 {[%clk
00:04:40]} {[%emt 00:00:04]} 31. Rga1 {[%clk 00:18:28]} {[%emt 00:07:02]} Kh7
{[%clk 00:04:46]} {[%emt 00:00:23]} 32. Ke4 {[%clk 00:16:22]} {[%emt 00:02:35]}
Kg6 {[%clk 00:05:08]} {[%emt 00:00:08]} 33. Rxa4 {[%clk 00:13:11]} {[%emt
00:03:41]} Rxa4 {[%clk 00:03:21]} {[%emt 00:02:17]} 34. Rxa4 {[%clk 00:13:39]}
{[%emt 00:00:02]} Kxg5 {[%clk 00:03:03]} {[%emt 00:00:48]} 35. d5 {[%clk
00:13:12]} {[%emt 00:00:56]} f5+ {[%clk 00:03:21]} {[%emt 00:00:12]} 36. exf6
{[%clk 00:12:51]} {[%emt 00:00:50]} Kxf6 {[%clk 00:03:27]} {[%emt 00:00:25]}
37. Ra6+ {[%clk 00:11:12]} {[%emt 00:02:09]} Ke7 {[%clk 00:02:47]} {[%emt
00:01:09]} 38. Ra7+ {[%clk 00:11:04]} {[%emt 00:00:39]} Kd6 {[%clk 00:02:13]}
{[%emt 00:01:04]} 39. Rxg7 {[%clk 00:06:11]} {[%emt 00:05:22]} Rb4+ {[%clk
00:01:51]} {[%emt 00:00:52]} 1/2-1/2